000 00864nam a2200253Ia 4500
003 OSt
005 20220923220508.0
006 a|||||r|||| 00| 0
007 ta
008 220922b |||||||| |||| 00| 0 hin d
024 _a186,980
037 _cTextual
040 _aARTS
_cARTS
_bhin
041 _2hin
_ahin
082 _aX653:7, 152K5
100 _aविश्वम्भर प्रसाद
245 0 _aअचल सम्पति का मूल्यांकन
246 _aAchal sampati kā mūlyāankana
260 _aउत्तर प्रदेश
_b सर्व सुलभ साहित्य सदन
_c1965
300 _a127 पृ.
_ccm.
650 _aअर्थशास्त्र
942 _hX653:7, 152K5
_cTEXL
_2CC
999 _c340223
_d340223